|
|
|
|
| LEADER |
00000nab a2200000 a 4500 |
| 001 |
vtls000653094 |
| 003 |
SK-MaSNL |
| 005 |
20260303172641.0 |
| 008 |
140617c xo 0 slo |
| 015 |
|
|
|a SNBRA1998/03-06340
|
| 035 |
|
|
|a CLN000005288
|
| 040 |
|
|
|a SNKBUCL
|b slo
|c SNKBUCL
|e AACR2
|
| 041 |
0 |
|
|a slo
|
| 044 |
|
|
|a xo
|c SK
|
| 080 |
|
|
|a 261.4
|2 1997
|
| 080 |
|
|
|a 262.1:284.1
|2 1997
|
| 080 |
|
|
|a 284.1
|2 1997
|
| 080 |
|
|
|a 17
|2 1997
|
| 100 |
1 |
|
|a Kišš, Igor,
|d 1932-2018
|4 aut
|9 89390
|
| 245 |
1 |
0 |
|a Lutherove etické názory
|c Igor Kišš
|
| 600 |
1 |
7 |
|a Luther, Martin,
|d 1483-1546
|2 snkbucl
|9 106834
|
| 655 |
|
7 |
|a články z novín a časopisov
|2 snkbucl
|9 267496
|
| 773 |
0 |
|
|t Tvorba T
|g Roč. 7 (16), č. 4 (1997), s. 1-2
|
| 850 |
|
|
|a Slovenská národná knižnica v Martine
|
| 852 |
|
|
|a SNK
|b KIS3GCP
|
| 958 |
|
|
|a DE
|
| 958 |
|
|
|a NT
|
| 992 |
|
|
|a RBX
|
| 999 |
|
|
|c 2087613
|d 2089543
|